Política industrial (Registro nro. 18297)
[ vista simple ]
| 000 -LEADER | |
|---|---|
| fixed length control field | 00310 a2200109 4500 |
| 001 - CONTROL NUMBER | |
| control field | ART_39451 |
| 005 - DATE AND TIME OF LATEST TRANSACTION | |
| control field | 20260410161736.0 |
| 008 - FIXED-LENGTH DATA ELEMENTS--GENERAL INFORMATION | |
| fixed length control field | 260409a |
| 100 1# - MAIN ENTRY--PERSONAL NAME | |
| Personal name | Frediani, Ramón O. |
| 245 10 - TITLE STATEMENT | |
| Title | Política industrial |
| 773 0# - HOST ITEM ENTRY | |
| Title | Ejecutivos de finanzas |
| Related parts | - Año 8, Nª 69 (set. 1990) |
| Record control number | REV2863 |
No hay ítems disponibles.